500 preguntas sobre el jardín / (Registro nro. 16316)

Detalles MARC
000 -CABECERA
Campo de control de longitud fija 01600nam a2200289 a 4500
003 - IDENTIFICADOR DEL NÚMERO DE CONTROL
Campo de control CL-SaCFP
005 - FECHA Y HORA DE LA ÚLTIMA TRANSACCIÓN
Campo de control 20260210165909.0
008 - CÓDIGOS DE INFORMACIÓN DE LONGITUD FIJA
Campo de control de longitud fija 161221s2016 amca 000 0 spa d
020 ## - NÚMERO INTERNACIONAL NORMALIZADO PARA LIBROS (ISBN)
Número Internacional Normalizado para Libros (ISBN) 9789567402717
040 ## - FUENTE DE LA CATALOGACIÓN
Centro transcriptor CL
082 04 - NÚMERO DE LA CLASIFICACIÓN DECIMAL DEWEY
Número de clasificación 635.9 S586 2016
Número de edición 21
100 1# - PUNTO DE ACCESO PRINCIPAL - NOMBRE DE PERSONA
Nombre de persona Silva Vargas, Raúl,
Fechas asociadas al nombre 1934-
245 10 - MENCIÓN DE TÍTULO
Título 500 preguntas sobre el jardín /
Mención de responsabilidad etc. Raúl Silva Vargas.
246 03 - VARIANTES DE TÍTULO
Título propio / Titulo en breve Quinientas preguntas sobre el jardín
246 30 - VARIANTES DE TÍTULO
Título propio / Titulo en breve Preguntas sobre el jardín
250 ## - MENCIÓN DE EDICIÓN
Mención de edición Primera edición: noviembre 2016
260 ## - PUBLICATION, DISTRIBUTION, ETC. (IMPRINT)
Lugar de publicación distribución etc. Santiago de Chile :
Nombre del editor distribuidor etc. Ediciones El Mercurio,
Fecha de publicación distribución etc. 2016
Lugar de fabricación (Chile :
Fabricante Salesianos Impresores)
300 ## - DESCRIPCIÓN FÍSICA
Extensión 416 páginas :
Otras características físicas ilustraciones en color ;
Dimensiones 23 cm.
500 ## - NOTA GENERAL
Nota general Incluye índice.
505 2# - NOTA DE CONTENIDO CON FORMATO
Nota de contenido con formato Conocer. Geeneralidades, hábitos y características de las plantas -- Labores. Cuidados y mantención -- Plantas. Elección según suelo, clíma y sol -- Suelos. Típos, preparación y abonos -- Enfermedades y plagas. Control y prevención -- Índice de preguntas por capítulo.
520 3# - NOTA DE SUMARIO; ETC.
Sumario etc. Una completa guía, tanto para aficionados como para expertos de la jardinería es este nuevo libro del reconocido agrónomo Raúl Silva Vargas. Con un lenguaje simple y preciso, el autor reúne aquí las inquitudes más significativas que le han realizado a lo largo de sus más de 40 años de trayectoria. Cómo sembrar, cuándo podar, qué hacer para combatir ciertas plagas o cómo reproducir o trasplantar tal especie... -- Contracubierta.
650 #7 - PUNTO DE ACCESO ADICIONAL DE MATERIA - TÉRMINO DE MATERIA
Término de materia o nombre geográfico como elemento inicial Jardinería
650 #7 - PUNTO DE ACCESO ADICIONAL DE MATERIA - TÉRMINO DE MATERIA
Término de materia o nombre geográfico como elemento inicial Plantas ornamentales
650 #7 - PUNTO DE ACCESO ADICIONAL DE MATERIA - TÉRMINO DE MATERIA
Término de materia o nombre geográfico como elemento inicial Floricultura
942 ## - ENTRADA PARA ELEMENTOS AGREGADOS (KOHA)
Fuente de clasificación o esquema de ordenación en estanterías Dewey Decimal Classification
Koha [por defecto] tipo de item Libros
949 ## - LOCAL PROCESSING INFORMATION (OCLC)
a c
b n
Existencias
Suprimido Estado de pérdida Fuente de clasificación o esquema de ordenación en estanterías Estropeado No para préstamo Código de colección Localización permanente Localización actual Localización en estanterías Fecha de adquisición Fuente de adquisición Préstamos totales Signatura completa Código de barras Fecha última consulta Fecha último préstamo Número de ejemplar Fecha del precio de reemplazo Tipo de item de Koha
    Dewey Decimal Classification     Colección General Biblioteca Central Biblioteca Central Colección General 10/02/2021 DL 1 635.9 S586 2016 3563000054941 10/02/2026 10/02/2026 c.1 10/02/2026 Libros